Ideme pá, pá! cestujeme za oddychom s malým dieťaťom

Podrobná bibliografia
Hlavný autor: Stuppacherová, Bianka (Autor)
Médium: Článok
Jazyk:slovenčina
Fyzický popis:Obr.
ISSN:1335-0919
Predmet:

MARC

LEADER 00000nab a2200000 a 4500
001 vtls000844755
003 SK-MaSNL
005 20260304103824.0
008 250429c2003 xo 0 slo
015 |a SNBRB2003/08-24852 
035 |a CLN000196410 
035 |a urn:nbn:sk:snk-ab6zdn 
035 |a (uuid)1289a295-8cb8-45b5-a334-d959a38dd1d9 
035 |a (urnnbn)urn:nbn:sk:snk:ar-a06ce9 
035 |a (sysno)vtls000844755 
040 |a SNKBUCL  |b slo  |c SNKBUCL  |e AACR2 
041 0 |a slo 
044 |a xo  |c SK 
080 |a 613.76-053.2  |2 1997 
100 1 |a Stuppacherová, Bianka  |4 aut  |9 843926 
245 1 0 |a Ideme pá, pá!  |b cestujeme za oddychom s malým dieťaťom  |c Bianka Stuppacherová 
300 |b Obr. 
504 |a Res. slov. 
650 0 7 |a cestovanie  |x dojčatá  |2 snkbucl  |9 1402869 
650 0 7 |a dehydratácia organizmu  |2 snkbucl  |9 198386 
650 0 7 |a kinetóza  |2 snkbucl  |9 1362519 
650 0 7 |a úpal  |2 snkbucl  |9 961827 
655 7 |a články z novín a časopisov  |2 snkbucl  |9 267496 
773 0 |t Dieťa nielen pre rodičov  |g Roč. 9, č. 4 (2003), s. 13-17  |x 1335-0919 
850 |a Slovenská národná knižnica 
852 |a Slovenská národná knižnica 
954 |a odborná, vedecká literatúra pôvodná (slovenská)  |2 lita 
958 |a article27 
958 |a MI 
958 |a OND 
958 |a EUIPO 
999 |c 2849939  |d 2851869